00225nam a2200073Ia 4500082002400000245004100024100004500065008004100110 aTSO 496.397881 JAQU 0aSwivongo swa Machangana :(vatsonga)  a Jaques, A.A. Braamfontein, 2008 210817s9999 xx 000 0 und d